000 00968nam a2200205Ii 4500
003 JO-AjNU
008 230605s9999||||xx |||||||||||||| ||und||
040 _aJO-AjNU
_bara
_erda
_cJO-AjNU
041 _aara
050 1 4 _aHD58.7 2011
100 3 _aتأليف: السالم، فؤاد,
_eauthor
_933914
245 0 0 _aتقويم جودة كتب ادارة الاعمال الجامعية الصادرة باللغة العربية
264 3 1 _aالقاهرة: المنظمة العربية للتنمية الادارية، 2011
300 _a65ص
_bيحتوي على ببلوغرافية وملحق من 43-54ص، يحتوي على استبيان من ص 55-65ص
336 _atext
_btxt
_2rdacontent
337 _aunmediated
_bn
_2rdamedia
338 _avolume
_bnc
_2rdacarrier
490 0 _aاصدار خاص عن المجلة العربية للادارة
650 4 _aالثقافة الادارية - كتب ادارة الاعمال الجامعية
_933915
999 _aA13851
_c17419
_d17419